Las siete lamparas de la arquitectura: El sacrificio, La verdad, la fuerza, La belleza, La vida, El recuerdo, La obediencia
Kaydedildi:
| Yazar: | |
|---|---|
| Materyal Türü: | Kitap |
| Dil: | İspanyolca |
| Baskı/Yayın Bilgisi: |
Buenos Aires
El Ateneo
1944
|
| Konular: | |
| Etiketler: |
Etiketle
Etiket eklenmemiş, İlk siz ekleyin!
|
MARC
| LEADER | 00000nam a2200000 a 4500 | ||
|---|---|---|---|
| 001 | UCZ3146 | ||
| 003 | CL-VaPUC | ||
| 008 | 951020e19440000AG |||||||||||||||||spa|d | ||
| 082 | 0 | 4 | |a 720.1 |b RUS |2 21 |
| 100 | 0 | |a Ruskin, John |e author |9 346933 | |
| 245 | 1 | 4 | |a Las siete lamparas de la arquitectura: El sacrificio, La verdad, la fuerza, La belleza, La vida, El recuerdo, La obediencia |
| 300 | |a 285 p | ||
| 942 | |c BK | ||
| 945 | |d 19951020 00:00:00 |a rbrito | ||
| 260 | |a Buenos Aires |b El Ateneo |c 1944 | ||
| 650 | 0 | |a Filosofía del arte |9 264951 | |
| 650 | 0 | |a Filosofía de la arquitectura |9 267382 | |
| 583 | |a last modification |c 19951020 00:00:00 |k Rodrigo Vera | ||
| 999 | |c 239659 |d 239657 | ||
| 952 | |0 0 |1 0 |4 0 |6 720_100000000000000_RUS_1944 |7 0 |8 P |9 250947 |a BIBARQ |b BIBARQ |d 2019-11-18 |i 3141845 |o 720.1 RUS 1944 |p 3141845 |r 2025-01-20 |w 2019-11-18 |y BK |k ARQ | ||